| 000 | 00632nam a2200193 4500 | ||
|---|---|---|---|
| 003 | LK-CoMWRAF | ||
| 005 | 20231201110318.0 | ||
| 008 | 230907b2001 |||||||| |||| 00| 0 eng d | ||
| 040 |
_aLK-CoMWRAF _dLK-CoMWRAF _eLK-CoMWRAF |
||
| 041 | _asin | ||
| 082 |
_a891.483 _bKAR |
||
| 100 | _aකරල්ලියද්ද, සමන් | ||
| 245 | _aහැංගි මුත්තං | ||
| 246 | _aHangi muththan | ||
| 260 |
_aආණමඩුව : _bතෝතැන්න ප්රකාශන, _c2001 |
||
| 650 | _aළමා කතා | ||
| 700 |
_aසිල්වා, අනිල් සුසාන්ද _eills. |
||
| 942 | _cBK | ||
| 999 |
_c3456 _d3456 |
||